|
|
|
|
| LEADER |
00000ny a22000003n 4500 |
| 005 |
2011053108008.0 |
| 008 |
080616s1994 sp s 000 0 spa c |
| 020 |
|
|
|a 8476982852
|
| 035 |
|
|
|a 1202
|
| 040 |
|
|
|a UMA.RE
|d vLex
|
| 080 |
|
|
|a 347.232.5(460)(0.034)
|
| 090 |
|
|
|c 374
|d 374
|
| 100 |
1 |
|
|a Nę︢z Boluda, Mara̕ de los Desamparados
|
| 245 |
1 |
3 |
|a La accesin̤ en las edificaciones
|h [Recurso electrn̤ico]
|c Mara̕ de los Desamparados Nę︢z Boluda ; prl̤ogo, Manuel Albaladejo Garca̕
|
| 256 |
|
|
|a Servicio en ln̕ea
|
| 260 |
|
|
|a Barcelona :
|b Jos ̌Mara̕ Bosch,
|c 1994
|
| 506 |
1 |
|
|a Contenido solo disponible en los productos indicados
|d vLex Global
|d vLex Global (Academic Edition, excluding Law Schools)
|d vLex Global (U.S. Academic Edition, Law Schools)
|d vLex Global (U.S. Academic Edition, excluding Law Schools)
|d vLex Global (Academic Edition, Law Schools)
|
| 650 |
0 |
7 |
|a Demanda de accesin̤
|2 Tesauro vLex
|
| 650 |
0 |
7 |
|a Inmobiliario y registral
|2 Tesauro vLex
|
| 650 |
0 |
7 |
|a Accesin̤
|2 Tesauro vLex
|
| 700 |
1 |
|
|a Albaladejo Garca̕, Manuel,
|e pr
|
| 740 |
0 |
|
|a vLex Libros (Servicios en ln̕ea)
|
| 856 |
4 |
0 |
|u http://vlex.com/source/1202
|z Acceso restringido
|
| 942 |
|
|
|c BOOK
|
| 999 |
0 |
|
|a Law
|b Madrid
|